zpět

Detail výsledku týmu

Base Camp, Přerov

Datum a čas kvízu

23 Celkem bodů Celkový počet nahraných bodů na tomto kvízu bez doplňovacích otázek.
6. Pořadí na kvízu Konečné umístění týmu na tomto kvízu.

Zaznamenané odpovědi

# Otázka Odpověď Body Výsledky
1. Bývalý senátor, europoslanec a... Jaromír Štětina 0
2. Skotský parlament minulý týden... o menstruační potřeby 0
3. Ve středu mělo na Berlínském f... Šarlatán 0
4. Britský maloobchodní řetězec T... mají různé odstíny podle barev pleti 0
5. V Anglii, Skotsku a Severním... hlavičkování 1
6. Peníze máme v ruce každý den,... Padělání bankovek se trestá podle zákona. 0
7. Které dvě osobnosti mají jméno... D 0
8. Celkem kolikrát je na obou str... čtyřikrát 0
9. Kolik Kč činí nominální hodnot... 200 Kč 1
10. Které z mincí o hodnotě 1 až 5... všechny 1